[Event "Biel Master Tournament 2019"]
[Site "Biel"]
[Date "2019.07.31"]
[Round "9.19"]
[White "Low, Zhen Yu Cyrus"]
[Black "Stany, G.A."]
[Result "1/2-1/2"]
[WhiteElo "2155"]
[BlackElo "2525"]
[Annotator "TA"]
[PlyCount "75"]
[EventDate "2019.07.20"]
[EventType "swiss"]
[EventCountry "SUI"]
[SourceTitle "playchess.com"]
[Source "ChessBase"]
[SourceQuality "1"]

{[%evp 15,75,26,18,15,30,16,31,0,0,0,0,0,7,7,7,8,10,17,40,34,20,12,31,33,16,14,301,298,271,297,222,166,154,69,84,75,75,77,85,72,125,42,52,116,103,7,4,15,10,0,0,0,0,0,0,0,0,0,0,0,0,0]} 1. e4 e5 2. Nf3 Nc6 3. Bc4 Bc5 4. O-O Nf6 5. d3 O-O 6. c3 d5 7. exd5 Nxd5 8. Re1 Bg4 9. Nbd2 {C54: Giuoco Piano: 4 c3 Nf6, main lines with 5 d4 and 5 d3} Nb6 10. h3 Bh5 11. Bb3 {White is slightly better.} Qxd3 12. Nxe5 Qf5 $1 (12... Bxd1 13. Nxd3 Bxb3 14. axb3 Be7 15. b4 a6 16. Ne4 Nd7 {1-0 (40) Giri,A (2797)-Harikrishna,P (2723) Shenzhen 2019}) 13. Nef3 $1 Rfe8 14. g4 Bxg4 $1 15. hxg4 Qxg4+ 16. Kh1 {[#]} Bxf2 $146 ({Predecessor:} 16... Qh3+) 17. Nh2 $36 {[%mdl 2048] White has good play.} Rxe1+ {[#]} 18. Qxe1 $1 {[%mdl 512]} Qg3 $1 (18... Bxe1 19. Nxg4) 19. Qf1 Re8 $1 {[%cal Re8e1] Hoping for ...Re1!} 20. Ndf3 {aiming for Bg5.} Na5 $2 {[%mdl 8192]} (20... Ne5 $11 {and Black stays safe.} 21. Qe2 Kf8) 21. Bg5 $1 $18 Nxb3 22. axb3 Re4 23. Qd3 {Intending Qd8+ and mate.} (23. Rxa7 $6 f6 $16) 23... f5 24. Bh4 (24. Qd8+ Kf7) (24. Rd1 $1 $16 {And now Bh4! would win.} Bc5 25. Qd8+ Bf8 26. Bh4) 24... Rxh4 $14 25. Qd8+ {[%mdl 64] Double Attack} Kf7 {[%cal Rg3f3]} 26. Nxh4 Qxh4 27. Qxc7+ Ke6 {[#]} ({Black should play} 27... Kg6 28. Kg2 Be3 29. Qxb7 Qg5+ 30. Kh1 h5) 28. Qxb7 (28. Kg2 $1 $16 Be3 29. Qxb7 (29. Qxg7 Qe4+ 30. Nf3 Nd5 $14)) 28... Nd5 29. Qc6+ Ke5 {[#] ( -> ...Qe4+)} 30. Qe8+ (30. Qc4 $1 $16 {[%cal Rc4h4] Qxh4 is the strong threat.} Qf4 31. Rf1) 30... Kf6 $1 $11 {The position is equal.} 31. Rf1 {Threatens to win with Rxf2!} Bg3 $1 {[%csl Gg3][%cal Rh4h2]} 32. Qf8+ Ke6 {[%csl Gg3][%cal Rh4h2]} 33. Qxf5+ Ke7 {[%csl Gg3][%cal Rh4h2]} 34. Qf8+ Kd7 {[%csl Gg3][%cal Rh4h2]} 35. Qf7+ Kd6 {[%csl Gg3][%cal Rh4h2]} 36. Qf8+ Kd7 $1 {[%csl Gg3][%cal Rh4h2]} ({Worse is} 36... Ne7 37. Qd8+ Ke6 38. Qd2 $18) 37. Qf5+ Ke7 {[%csl Gg3][%cal Rh4h2]} (37... Kc6 $5 38. Qe6+ $8 Bd6 39. Qe8+ Kb6 $11) 38. Qf8+ {Accuracy: White = 58%, Black = 63%.} 1/2-1/2